RELIABILITY AND VALIDITY ASSESSMENT (Record no. 8556)

MARC details
000 -LEADER
fixed length control field 00348nam a2200133Ia 4500
008 - FIXED-LENGTH DATA ELEMENTS--GENERAL INFORMATION
fixed length control field 240624s9999 xx 000 0 und d
041 ## - LANGUAGE CODE
Language code of text/sound track or separate title eng
082 ## - DEWEY DECIMAL CLASSIFICATION NUMBER
Classification number 519.5 CAR
100 ## - MAIN ENTRY--PERSONAL NAME
Personal name CARMINES EDWARD G
245 ## - TITLE STATEMENT
Title RELIABILITY AND VALIDITY ASSESSMENT
260 ## - PUBLICATION, DISTRIBUTION, ETC.
Date of publication, distribution, etc. 1979
Place of publication, distribution, etc. New Delhi
Name of publisher, distributor, etc. Sage Publications
300 ## - PHYSICAL DESCRIPTION
Extent 71 : p. : cm. ; 21
365 ## - TRADE PRICE
Currency code BPS
Price amount 30
Holdings
Withdrawn status Lost status Damaged status Not for loan Home library Current library Shelving location Date acquired Source of acquisition Cost, normal purchase price Total Checkouts Full call number Barcode Date last seen Date last checked out Copy number Price effective from Koha item type
        IMTN IMTN Rack 18-A 03/24/2008 AP 12.99 3 519.5 CAR 8556 01/24/2025 01/13/2025 82.1 06/24/2024 Books
Designed & Maintained by: LRC IMT Nagpur Contact: lrc@imtnag.ac.in© 2024. All Rights Reserved.